Menová politika a finančný sektor

Podrobná bibliografia
Hlavný autor: Gajdzica, Michal (Autor)
Médium: Článok
Jazyk:slovenčina
Fyzický popis:Grafy, tab.
ISBN:808893575X
Predmet:

MARC

LEADER 00000nab a2200000 ar4500
001 vtls009175115
003 SK-MaSNL
005 20260426070740.0
008 080116c2005 xo |r||||||||||00 ||slo
015 |a SNBRA2008/01  |2 snkbucl 
038 |a SNKBUCL 
040 |a SNKBUCL  |b slo  |c SNKBUCL  |e AACR2 
041 1 |a slo 
044 |a xo  |c SK 
080 |a 336.74:338.23  |x (437.6)  |x "2004"  |2 2001 
100 1 |a Gajdzica, Michal  |4 aut  |9 537878 
245 1 0 |a Menová politika a finančný sektor  |c Michal Gajdzica 
300 |b Grafy, tab. 
504 |a Bibliogr. odkazy 
648 7 |a 2004  |2 snkbucl  |9 303492 
650 0 7 |a menová politika  |2 snkbucl  |9 2307 
650 0 7 |a finančný sektor  |2 snkbucl  |9 1324026 
650 0 7 |a kapitálový trh  |2 snkbucl  |9 442338 
651 7 |a Slovensko  |2 snkbucl  |9 14231 
773 0 |t Slovensko 2004 : súhrnná správa o stave spoločnosti  |d Bratislava : Inštitút pre verejné otázky, 2005  |g S. 549-566  |z 808893575X 
852 |a SNK  |b KIS3GCP 
958 |a NB 
999 |c 2670804  |d 2672734